00325nam a2200121Ia 4500008004100000041000800041082001200049100001800061245004500079260004400124300002400168365001100192240624s9999 xx 000 0 und d aeng a158 QUB aQUBEIN NIDO R aSTAIRWAY TO SUCCESS HOW TO ACHIEVE AND E c2010aMumbaibEmbassy Book Distributors a351 : p. : cm. ; 22 cRSb25